000 00995nam0a22002771 4500
001 rc\3456190
005 20250610121017.0
021 _aRU
_b[73-25820]
035 _a(NLR Aleph) 007893965
090 _a7995740
_c7995740
100 _a20130115d1973 |||y0rusy50 ca
101 0 _arus
102 _aRU
105 _aa z |||||
200 1 _aПреподавание курса "Технология металлов"
_e[Метод. пособие для проф.-тех. училищ]
210 _aМосква
_cВысш. школа
_d1973
215 _a205 с.
_cчерт.
_d20
320 _aСписок лит.: с. 199
606 _aТехнология металлов
_xМетодика преподавания
_2psbo
700 1 _aОстапенко
_bН.Н.
_gНиколай Николаевич
701 1 _aЗахарченко
_bЗ.И.
_gЗоя Ивановна
801 0 _aRU
_bNLR
_gpsbo
801 1 _aRU
_bELAR
_2rusmarc
852 _aNLR
_j73-3/1544
942 _cBOOK
980 _aNB